| 000 | 00452cam a22001337a 4500 | ||
|---|---|---|---|
| 008 | 180718b2010 xxu||||| |||| 00| 0 eng d | ||
| 082 | _aR11068x54 R299/2010 | ||
| 100 | _aIndia. Ministry of Labour and Employment. Labour Bureau | ||
| 245 | _aReport on employment - unemployment survey, 2010 | ||
| 260 |
_aDelhi _bThe Controller of Publications _c2010 |
||
| 300 | _a151p. | ||
| 650 | _aUnemployment surveys - India | ||
| 650 | _aEmployment surveys - India | ||
| 999 |
_c488317 _d488317 |
||